00393nam a2200181Ia 4500003000900000008004100009040001300050040001300063041000800076100001800084245004800102250001300150260001200163260000900175300001100184300001000195490000600205IT-RoPAU120407s9999 xx 000 0 und d aIT-RoPAU cIT-RoPAU aita aJames William aSaggi pragmatisti. A cura di Giov. Papini aLanciano aCarabba c1948 a125 p. c19 cm v1